000
00319nam a22001457a 4500
008
231016b ||||| |||| 00| 0 eng d
020
_a
0813305772
041
_a
eng
080
_a
316
082
_a
316NIE
100
_a
24
101
_a
SOCIO
245
_a
FEMINIST RESEARCH METHODS
_c
NIELSEN.M.J
942
_2
udc
_c
BK
999
_c
60452
_d
60452